Urbanistické problémy výstavby veľkokapacitných cementární v SSR /

Salvato in:
Dettagli Bibliografici
Autore principale: Polášek, Marián (Autore)
Altri autori: Mičinský, Ľudovít (Relatore della tesi)
Natura: Manoscritto Libro
Lingua:slovacco
Pubblicazione: Bratislava : Slovenská vysoká škola technická v Bratislave, Fakulta architektúry, október 1981
Soggetti:
Tags: Aggiungi Tag
Nessun Tag, puoi essere il primo ad aggiungerne!!

MARC

LEADER 00000ntm a22000003a 4500
001 0113196
003 SK-STU
005 20241217145423.7
007 ta
008 241217s2024----xo-----f-mn---000-0-slo-d
040 |a STU  |b slo 
041 0 |a slo 
044 |a xo  |c SK 
100 1 |a Polášek, Marián  |4 aut 
245 1 0 |a Urbanistické problémy výstavby veľkokapacitných cementární v SSR /  |c aut. Marián Polášek ; škol. Ľudovít Mičinský 
260 |a Bratislava :  |b Slovenská vysoká škola technická v Bratislave, Fakulta architektúry,  |c október 1981 
300 |a 74 s. 
650 0 7 |a priemyselné stavby 
650 0 7 |a industriálna architektúra 
650 0 7 |a výroba cementu 
650 0 7 |a stavebné materiály 
650 0 7 |a cementárne 
650 0 7 |a Slovensko 
650 0 7 |a urbanizmus 
650 0 7 |a inžinierske stavby 
700 1 |a Mičinský, Ľudovít  |4 ths 
996 |b 284AU10181  |c A* 196/V  |l AAKNST  |s P  |a 0  |w 0113196_0001